[Event "Let's Play Chess!"]
[Site "http://www.queenalice.com/game.php?id=19060"]
[Date "2005.7.11"]
[Round "-"]
[White "rafaelfaria"]
[Black "Gandwynn"]
[Result "0-1"]
[WhiteElo "1120"]
[BlackElo "1100"]

1. e4 e5 2. Nf3 Nc6 3. c3 Bc5 4. Bc4 Nf6 5. b4 Bb6 6. Na3 O-O 7. O-O Nxe4 8. d3
d5 9. Bb3 Nxc3 10. b5 Ne7 11. Nxe5 Bc5 12. Nc2 Nxb5 13. Bb2 d4 14. Qf3 Bd6 15.
Qg3 Ng6 16. Nxd4 Bxe5 17. a4 Bxg3 18. hxg3 Nxd4 19. Bxd4 Qxd4 20. Rad1 Bg4 21.
Rd2 Qc3 22. Rc2 Qxb3 23. Rc4 Be2 24. Re1 Bxd3 25. Rg4 Rfe8 26. Rc1 Re7 27. Kh2
Qb2 28. Rh1 Qxf2 29. Kh3 Bf5 30. Rc1 Bxg4+ 31. Kxg4 Qxg2 32. Rc3 Re4+ 33. Kg5
Qh3 34. Rf3 Qg4# 0-1

[Event "Challenge"]
[Site "http://www.queenalice.com/game.php?id=19167"]
[Date "2005.7.12"]
[Round "-"]
[White "rafaelfaria"]
[Black "warmling"]
[Result "0-1"]
[WhiteElo "1136"]
[BlackElo "1369"]

1. e4 e5 2. Nf3 f6 3. Nc3 h5 4. Nd5 c6 5. Nc3 Ne7 6. Bc4 b5 7. Be2 b4 8. Na4 Qa5
9. b3 c5 10. Nh4 Ba6 11. Bxa6 Nxa6 12. d3 g5 13. Nf5 g4 14. g3 d5 15. O-O dxe4
16. dxe4 Rd8 17. Qe2 c4 18. Qxc4 Nc7 19. f4 Ng6 20. fxe5 Nxe5 21. Qe2 Nb5 22.
Nc5 Bxc5+ 23. Kh1 Bd4 24. Nxd4 Nxd4 25. Qd2 Rc8 26. Qxd4 Qb6 27. Qd5 Rd8 28. Qc4
Nxc4 29. bxc4 Rd4 30. Be3 a5 31. a3 bxa3 32. Rxa3 Qc5 33. Rb3 Qxc4 34. Rxf6 Rxe4
35. Rb8+ Ke7 36. Rfb6 Rxb8 37. Rxb8 Rxe3 38. h4 Re1+ 39. Kg2 Qxc2# 0-1

[Event "Challenge"]
[Site "http://www.queenalice.com/game.php?id=19546"]
[Date "2005.7.14"]
[Round "-"]
[White "rafaelfaria"]
[Black "warmling"]
[Result "1-0"]
[WhiteElo "1136"]
[BlackElo "1389"]

1. e4 e5 2. Nf3 Nc6 3. d3 a5 4. b3 Bb4+ 5. Ke2 b5 6. a3 Bc5 7. Nc3 Ba6 8. Nd5 h6
9. Ke1 h5 10. Bg5 f6 11. Be3 g5 12. g3 g4 13. Nd2 h4 14. gxh4 Bd6 15. c4 bxc4
16. dxc4 Rxh4 17. h3 Nge7 18. Nxf6+ Kf7 19. Nxg4 Ng6 20. Nf3 Rh5 21. Ng5+ Kg7
22. Qd5 Rb8 23. Qf7+ Kh8 24. Qxg6 Qe8 25. Qf6+ Kg8 26. Nh6+ Rxh6 27. Qxh6 Qe7
28. Rg1 Rf8 29. Rg4 Rf6 30. Qh4 Rg6 31. Rd1 Nd4 32. Qh5 Qf6 33. Nh7 Nf3+ 34. Ke2
Qg7 35. Rxg6 Ng1+ 36. Kd2 Nf3+ 37. Kc2 Bf8 38. Bh6 Kxh7 39. Bxg7+ Kg8 40. Bxf8+
Kxf8 41. Rxa6 Nd4+ 42. Kd3 d6 43. f4 Nxb3 44. fxe5 Nc5+ 45. Kd4 Nxa6 46. exd6
cxd6 47. Qxa5 Nc5 48. Qd8+ Kf7 49. Qxd6 Ne6+ 50. Ke5 Nf8 51. a4 Ng6+ 52. Kd5
Ne7+ 53. Kd4 Ng6 54. e5 Nf8 55. c5 Ne6+ 56. Kc3 Nf8 57. Bc4+ Kg7 58. Rg1+ Kh8
59. Qxf8+ Kh7 60. Qg8+ Kh6 61. Qg6# 1-0

[Event "Challenge"]
[Site "http://www.queenalice.com/game.php?id=19896"]
[Date "2005.7.16"]
[Round "-"]
[White "rafaelfaria"]
[Black "zat_93"]
[Result "1-0"]
[WhiteElo "1245"]
[BlackElo "1372"]

1. e4 e5 2. Bc4 Nf6 3. Nf3 h6 4. Nxe5 Qe7 5. d4 d6 6. Nd3 Qxe4+ 7. Qe2 Qxe2+ 8.
Kxe2 Bg4+ 9. f3 Be6 10. Bb5+ c6 11. Ba4 a6 12. g4 d5 13. b4 b5 14. Bb3 Nbd7 15.
Ba3 a5 16. Nf4 Bd6 17. Ke3 g5 18. Nd3 a4 19. Ne5 Nxe5 20. Nd2 Nc4+ 21. Nxc4 dxc4
22. d5 Bxd5 23. Rad1 cxb3 24. axb3 Bf4+ 25. Kd3 Bxf3 26. Rde1+ Kf8 27. Rhf1 Bxg4
28. Bc1 Nd5 29. Re4 Rd8 30. Rfe1 Nf6+ 31. Rd4 Rxd4+ 32. Kxd4 Bxc1 33. Rxc1 Nh5
34. c4 1-0

[Event "Challenge"]
[Site "http://www.queenalice.com/game.php?id=19897"]
[Date "2005.7.16"]
[Round "-"]
[White "rafaelfaria"]
[Black "charlottechua"]
[Result "1-0"]
[WhiteElo "1213"]
[BlackElo "1109"]

1. e4 Nc6 2. Bc4 e6 3. a4 Nf6 4. e5 Nxe5 5. Bb3 Nd5 6. Nf3 Nxf3+ 7. gxf3 Bc5 8.
c4 Nf4 9. d3 Ng2+ 10. Kf1 Nh4 11. d4 Bb4 12. Bd2 Qe7 13. Qe1 Bxd2 14. Qxd2 Nxf3
15. Qf4 Ng5 16. Rg1 1-0

[Event "Challenge"]
[Site "http://www.queenalice.com/game.php?id=23564"]
[Date "2005.8.11"]
[Round "-"]
[White "rafaelfaria"]
[Black "volmar"]
[Result "1-0"]
[WhiteElo "1225"]
[BlackElo "1379"]

1. e4 e5 2. Bc4 Nf6 3. d3 b6 4. Nf3 Ng4 5. h3 Nf6 6. Nxe5 d5 7. Bb5+ Ke7 8. Nc3
Qd6 9. f4 d4 10. Bc6 Nxc6 11. Nxc6+ Qxc6 12. e5 Nh5 13. Qxh5 dxc3 14. bxc3 Qxc3+
15. Kd1 Qxa1 16. Qg5+ f6 17. exf6+ gxf6 18. Re1+ Be6 19. Qg3 Qxa2 20. Qe3 f5 21.
g4 Kf6 22. g5+ Kf7 23. Qe5 Bb4 24. Qxc7+ Kg8 25. Rg1 Bf7 26. Bd2 Qa1+ 27. Ke2
Qxg1 28. Bxb4 Qg2+ 29. Kd1 Qxh3 30. Bc3 Ba2 31. Qg7# 1-0

[Event "Challenge"]
[Site "http://www.queenalice.com/game.php?id=23700"]
[Date "2005.8.11"]
[Round "-"]
[White "paulmorphy"]
[Black "rafaelfaria"]
[Result "1-0"]
[WhiteElo "1500"]
[BlackElo "1162"]

1. e4 Nf6 2. e5 Ne4 3. d3 Ng5 4. Bxg5 f6 5. exf6 exf6 6. Bh4 g5 7. Qh5+ Ke7 8.
Bg3 d6 9. d4 Bf5 10. Bc4 Bg6 11. Qg4 f5 12. Qxg5+ Ke8 13. Qe3+ Kd7 14. Qe6+ Kc6
15. d5+ Kc5 16. Qe3+ Kxc4 17. Nc3 b6 18. Qd3+ Kc5 19. Qb5+ Kd4 20. Nge2# 1-0

[Event "Let's Play Chess!"]
[Site "http://www.queenalice.com/game.php?id=25345"]
[Date "2005.8.23"]
[Round "-"]
[White "rafaelfaria"]
[Black "Adriano_Pereira"]
[Result "1-0"]
[WhiteElo "1262"]
[BlackElo "1441"]

1. e4 e5 2. Nc3 Qf6 3. Nf3 Bc5 4. Nd5 Qd8 5. Nxe5 Qh4 6. Nd3 Qxe4+ 7. Ne3 Bf8 8.
Qh5 Nf6 9. Qh3 h5 10. f3 Qc6 11. Nb4 Bxb4 12. c3 Bf8 13. c4 Na6 14. a3 d6 15.
Qh4 Be7 16. Qg5 Rh7 17. Bd3 Ne4 18. Qa5 Nec5 19. Bxh7 Nb3 20. Qxh5 Nxa1 21. d3
g6 22. Qh6 Bf8 23. Qh4 Nb3 24. Bd2 Be7 25. Qe4 Nxd2 26. Kxd2 f5 27. Qf4 g5 28.
Qd4 f4 29. Qh8+ Bf8 30. Bg6+ Ke7 31. Nd5+ 1-0

[Event "Let's Play Chess!"]
[Site "http://www.queenalice.com/game.php?id=25346"]
[Date "2005.8.23"]
[Round "-"]
[White "rafaelfaria"]
[Black "Wifeykaz"]
[Result "0-1"]
[WhiteElo "1285"]
[BlackElo "1133"]

1. Nc3 e5 2. e4 d6 3. Bc4 c6 4. Qf3 Be6 5. Bxe6 fxe6 6. h4 Nf6 7. d3 Na6 8. a3
g6 9. Nh3 d5 10. Bg5 h6 11. Be3 Bc5 12. Qxf6 Qxf6 13. f4 Bxe3 14. fxe5 Qxe5 15.
Ke2 Bd4 16. Nd1 dxe4 17. dxe4 Qxe4+ 18. Kf1 Be3 19. Ke2 Qxc2+ 20. Kxe3 Qxb2 21.
Nxb2 c5 0-1

[Event "Challenge"]
[Site "http://www.queenalice.com/game.php?id=25353"]
[Date "2005.8.23"]
[Round "-"]
[White "rafaelfaria"]
[Black "jbrcron"]
[Result "0-1"]
[WhiteElo "1269"]
[BlackElo "1484"]

1. e4 e5 2. Qh5 d6 3. Bc4 g6 4. Qf3 Nf6 5. Nh3 h6 6. a4 a5 7. Nc3 c6 8. g4 Bxg4
9. Qg3 d5 10. exd5 cxd5 11. Bd3 Nc6 12. Bb5 Bd7 13. O-O Bd6 14. Ne2 Bxh3 15.
Qxh3 Rc8 16. d3 Bf8 17. c4 dxc4 18. dxc4 Bg7 0-1

[Event "Challenge"]
[Site "http://www.queenalice.com/game.php?id=25354"]
[Date "2005.8.23"]
[Round "-"]
[White "rafaelfaria"]
[Black "warmling"]
[Result "0-1"]
[WhiteElo "1285"]
[BlackElo "1290"]

1. e4 e5 2. Qh5 Qf6 3. Nf3 Nc6 4. Bc4 g6 5. Qh3 Nb4 6. Na3 b6 7. c3 Na6 8. d3
Ne7 9. Bg5 Qg7 10. b4 h6 11. Be3 d5 12. Qh4 dxc4 13. Nxc4 g5 14. Qh5 Nc6 15. d4
exd4 16. cxd4 Naxb4 17. Na3 Nd3+ 18. Ke2 Nxf2 19. Kxf2 Bxa3 20. d5 Ne5 21. Nd4
Nd3+ 22. Ke2 Ba6 23. Nb5 Bxb5 24. Raf1 Rf8 25. Rd1 Nf4+ 26. Kf3 Nxh5 27. g4 Qf6+
0-1

[Event "Challenge"]
[Site "http://www.queenalice.com/game.php?id=25355"]
[Date "2005.8.23"]
[Round "-"]
[White "rafaelfaria"]
[Black "alexsoncini"]
[Result "0-1"]
[WhiteElo "1271"]
[BlackElo "1889"]

1. e4 e6 2. Nf3 d5 3. e5 c5 4. d4 Nc6 5. Nc3 Qb6 6. Nb5 a6 7. Nd6+ Bxd6 8. exd6
Nxd4 9. Ne5 Qxd6 10. Qh5 g6 11. Qf3 Nxf3+ 12. Nxf3 e5 13. Ng5 h6 14. Nf3 Bg4 15.
Nd2 Bf5 16. c3 Nf6 0-1

[Event "Challenge"]
[Site "http://www.queenalice.com/game.php?id=25356"]
[Date "2005.8.23"]
[Round "-"]
[White "rafaelfaria"]
[Black "SandroChaves"]
[Result "0-1"]
[WhiteElo "1263"]
[BlackElo "1454"]

1. e4 e5 2. Qh5 Nf6 3. Qxe5+ Be7 4. b3 Nc6 5. Qg3 Nd4 6. Na3 c6 7. c3 Ne6 8. d4
Nxe4 9. Qd3 Qa5 10. b4 Qf5 11. Nh3 Nd6 12. Qxf5 Nxf5 13. g4 Nh6 14. g5 Nf5 15.
Nc4 b5 16. Ne5 f6 17. Ng4 a5 18. Bd3 Nd6 19. f4 fxg5 20. fxg5 Rf8 21. Bxh7 Kd8
22. Rf1 Rh8 23. g6 axb4 24. cxb4 Nxd4 25. Ne5 Nc2+ 26. Ke2 Nxa1 27. Be3 Rxa2+
28. Kf3 Rf8+ 29. Nf4 Nc2 0-1

[Event "Challenge"]
[Site "http://www.queenalice.com/game.php?id=25357"]
[Date "2005.8.23"]
[Round "-"]
[White "rafaelfaria"]
[Black "tewald"]
[Result "0-1"]
[WhiteElo "1247"]
[BlackElo "1738"]

1. e4 e5 2. Qh5 d6 3. d4 g6 4. Qf3 Bg7 5. Bc4 Nf6 6. g4 Bxg4 7. Qb3 O-O 8. f3
Bc8 9. Na3 Nc6 10. d5 Na5 11. Qc3 Nxc4 12. Nxc4 Nd7 13. b3 Qh4+ 14. Ke2 a5 15.
Nxa5 b5 16. a4 Ba6 17. Qc6 bxa4+ 18. Nc4 Bxc4+ 19. Qxc4 axb3 20. Rxa8 Rxa8 21.
Qc6 Ra1 22. cxb3 Ra2+ 23. Kd3 Nc5+ 24. Kc4 Rc2+ 25. Kb5 Rxc1 26. Qe8+ Bf8 27. b4
Nxe4 28. fxe4 Qxe4 29. Ne2 Rxh1 30. Nc3 Qd3+ 0-1

[Event "Challenge"]
[Site "http://www.queenalice.com/game.php?id=25358"]
[Date "2005.8.23"]
[Round "-"]
[White "rafaelfaria"]
[Black "cox7"]
[Result "0-1"]
[WhiteElo "1266"]
[BlackElo "1940"]

1. e4 e5 2. Nf3 Nc6 3. Nc3 Bc5 4. Bc4 Nf6 5. Ng5 O-O 6. Nd5 Nxd5 7. Qh5 Nf6 8.
Qh3 d5 9. Be2 Bxh3 10. gxh3 dxe4 11. d3 exd3 12. Bxd3 e4 13. Bc4 Ne5 14. Bb5
Nf3+ 15. Nxf3 exf3 16. c3 Ne4 17. Rg1 Bxf2+ 18. Kf1 Qd1# 0-1